Vista normal
Vista MARC
Entrada Topical Term
Número de registros utilizados en: 1
001 - CONTROL NUMBER
- control field: 3749
003 - CONTROL NUMBER IDENTIFIER
- control field: OSt
005 - DATE AND TIME OF LATEST TRANSACTION
- control field: 20200430103048.0
008 - FIXED-LENGTH DATA ELEMENTS
- fixed length control field: 200430|| aca||aabn | a|a d
040 ## - CATALOGING SOURCE
- Original cataloging agency: OSt
- Transcribing agency: OSt
150 ## - HEADING--TOPICAL TERM
- Topical term or geographic name entry element: Elecciones
670 ## - SOURCE DATA FOUND
- Source citation: Work cat.: (OSt)4829: Colombia. Registraduria Nacional del Estado Civil 3670, Balance de las elecciones de autoridades locales, octubre 30 de 2011 / , [2011?]